| 000 | 00594cam a2200229 4500 | ||
|---|---|---|---|
| 008 | 000000n2000 000 0 eng u | ||
| 020 | _a0750642610 | ||
| 035 | _a(Sirsi) u105631 | ||
| 050 | _a658.404 | ||
| 100 | _aLester, Albert | ||
| 245 | _aProject planning and control. | ||
| 250 | _a3rd ed. | ||
| 260 |
_aOxford _bButterworth-Heinemann _c2000 |
||
| 300 | _axvi,333p. ; 24cm. | ||
| 350 | _a35.00 | ||
| 650 | _aCRITICAL PATH METHODS | ||
| 650 | _aSOFTWARE | ||
| 650 | _aHORNET WINDMILL PROGRAM | ||
| 650 | _aMS PROJECT 98 | ||
| 690 |
_aProject management _96261 |
||
| 942 | _n0 | ||
| 999 |
_c100458 _d100458 |
||